[Event "Paris-ch Open B"]
[Site "Paris"]
[Date "2012.07.14"]
[Round "8.7"]
[White "Durand, Sylvain"]
[Black "Le Bris, Louis"]
[Result "0-1"]
[WhiteElo "1865"]
[BlackElo "1824"]
[PlyCount "106"]
[EventDate "2012.07.07"]
[EventCountry "FRA"]
[SourceDate "2012.07.07"]

1. e4 Nf6 2. e5 Nd5 3. d4 d6 4. c4 Nb6 5. exd6 cxd6 6. b3 g6 7. Nf3 Bg7 8. Bb2
Nc6 9. h3 O-O 10. Be2 e5 11. d5 Ne7 12. O-O Nd7 13. Nc3 a6 14. Qc2 Nc5 15. b4
Bf5 16. Qd2 Ne4 17. Nxe4 Bxe4 18. Rad1 Bxf3 19. Bxf3 a5 20. Bc3 axb4 21. Bxb4
b6 22. Be2 f5 23. a3 f4 24. Qd3 Nf5 25. g3 Nd4 26. Bg4 Kh8 27. h4 Qf6 28. Qe4
h5 29. Bh3 Rad8 30. Bc3 Nf5 31. Kh2 g5 32. gxf4 g4 33. Bg2 Qxh4+ 34. Kg1 g3 35.
fxg3 Qxg3 36. Rf3 Qg4 37. Rdd3 h4 38. Rh3 Qxf4 39. Qxf4 exf4 40. Bxg7+ Kxg7 41.
Be4 Ng3 42. Bf3 Rh8 43. Rd4 Rdf8 44. Bg4 Kg6 45. Kg2 Kg5 46. Be6 Ra8 47. Rd3
Ra4 48. Rc3 Rha8 49. Rb3 Rxa3 50. Rxb6 Ra2+ 51. Kg1 Ra1+ 52. Kf2 R8a2+ 53. Kf3
Rf1# 0-1

[Event "Paris-ch Open B"]
[Site "Paris"]
[Date "2012.07.14"]
[Round "8.8"]
[White "Stili, Karim"]
[Black "Bourogaa, Younes"]
[Result "1-0"]
[WhiteElo "1858"]
[BlackElo "1847"]
[PlyCount "73"]
[EventDate "2012.07.07"]
[EventCountry "FRA"]
[SourceDate "2012.07.07"]

1. e4 e5 2. d4 exd4 3. Qxd4 Nc6 4. Qe3 Nf6 5. Bd2 Bb4 6. Nc3 O-O 7. O-O-O Re8
8. Qg3 Rxe4 9. Bd3 Rg4 10. Qh3 d6 11. f3 Rd4 12. g4 Ne5 13. Be2 d5 14. Qg3 Nc4
15. Bxc4 Bxc3 16. Bd3 Bxd2+ 17. Rxd2 Ra4 18. Kb1 c6 19. Qe1 Be6 20. Ne2 d4 21.
a3 Qb6 22. Ka1 Nd5 23. Qc1 c5 24. b3 Ra5 25. Bc4 Ne3 26. Bxe6 fxe6 27. Ka2 Nd5
28. Qb2 Qa6 29. Ra1 b5 30. Kb1 b4 31. axb4 Nxb4 32. Rxa5 Qxa5 33. c3 dxc3 34.
Nxc3 Qb6 35. Rd7 Qc6 36. Re7 Kf8 37. Nd5 1-0

[Event "Paris-ch Open B"]
[Site "Paris"]
[Date "2012.07.14"]
[Round "8.9"]
[White "Leclerc, Arnaud"]
[Black "Jacq, Rene"]
[Result "0-1"]
[WhiteElo "1890"]
[BlackElo "1818"]
[PlyCount "114"]
[EventDate "2012.07.07"]
[EventCountry "FRA"]
[SourceDate "2012.07.07"]

1. e4 g6 2. d4 Bg7 3. Nc3 d6 4. Be3 c6 5. Qd2 Nf6 6. f3 b5 7. Nce2 a5 8. Bh6
O-O 9. g4 e5 10. Bxg7 Kxg7 11. O-O-O Qc7 12. h4 h5 13. gxh5 Nxh5 14. Nh3 a4 15.
Rg1 Bxh3 16. Bxh3 Qe7 17. Rg5 Rh8 18. Rdg1 Na6 19. dxe5 dxe5 20. Qc3 a3 21. b3
b4 22. Qxe5+ Qxe5 23. Rxe5 Nf6 24. Nd4 c5 25. Nf5+ Kf8 26. Nd6 Rxh4 27. Bf1 Rf4
28. Be2 Nh5 29. Rg4 Rxg4 30. fxg4 Nf6 31. Bc4 Nxg4 32. Rg5 Nh6 33. Nxf7 Nxf7
34. Rxg6 Nb8 35. e5 Nxe5 36. Rg8+ Ke7 37. Bd5 Ra6 38. Rxb8 Rd6 39. Rb7+ Kf6 40.
Bg2 Nd7 41. Rc7 Ke5 42. Bh3 Nb6 43. Rxc5+ Kd4 44. Rg5 Nd5 45. Rg4+ Ke3 46. Rg3+
Kd4 47. Rd3+ Kc5 48. c4 bxc3 49. Bg2 Nb4 50. Rxc3+ Kb6 51. Rc4 Nd3+ 52. Kb1 Ne1
53. Bf1 Rd2 54. Rb4+ Kc5 55. Rc4+ Kd5 56. Kc1 Rxa2 57. Kd1 Nf3 0-1

[Event "Paris-ch Open B"]
[Site "Paris"]
[Date "2012.07.14"]
[Round "8.10"]
[White "Schmit, Zenon"]
[Black "Toure, Vasanth"]
[Result "0-1"]
[WhiteElo "1889"]
[BlackElo "1761"]
[PlyCount "76"]
[EventDate "2012.07.07"]
[EventCountry "FRA"]
[SourceDate "2012.07.07"]

1. e4 e5 2. Nf3 Nc6 3. Bc4 Nf6 4. d3 Bc5 5. a4 a5 6. h3 d6 7. Nc3 Be6 8. Bxe6
fxe6 9. O-O Qe7 10. Qe1 d5 11. Bg5 O-O-O 12. Nb5 h6 13. Bd2 g5 14. Nh2 Rdg8 15.
g3 Qf7 16. Kg2 dxe4 17. dxe4 Qg6 18. f3 h5 19. g4 Rh7 20. Rh1 Rgh8 21. Qg3 hxg4
22. Nxg4 Nh5 23. Qh2 Nf4+ 24. Bxf4 exf4 25. Rad1 Nb4 26. c3 Nc2 27. Rd3 Rh4 28.
Ne5 Qh7 29. Nc4 g4 30. Qxf4 gxh3+ 31. Rxh3 Qg7+ 32. Qg3 Qxg3+ 33. Kxg3 Rxh3+
34. Kf4 Ne1 35. Rd1 Rxf3+ 36. Ke5 Nd3+ 37. Kxe6 Re8+ 38. Kd5 c6# 0-1